<?xml version="1.0" encoding="UTF-8"?><marc:collection xmlns:marc="http://www.loc.gov/MARC21/slim">
  <marc:record>
    <marc:leader>00000nam  2200000za 4500</marc:leader>
    <marc:controlfield tag="001">9.671697</marc:controlfield>
    <marc:controlfield tag="003">CaOODSP</marc:controlfield>
    <marc:controlfield tag="005">20231123084324</marc:controlfield>
    <marc:controlfield tag="007">ta</marc:controlfield>
    <marc:controlfield tag="008">150407|2009||||xxc|||||     f|0| 0 eng d</marc:controlfield>
    <marc:datafield tag="020" ind1=" " ind2=" ">
      <marc:subfield code="a">978-0-660-64534-6</marc:subfield>
    </marc:datafield>
    <marc:datafield tag="040" ind1=" " ind2=" ">
      <marc:subfield code="a">CaOODSP</marc:subfield>
      <marc:subfield code="b">eng</marc:subfield>
    </marc:datafield>
    <marc:datafield tag="041" ind1=" " ind2=" ">
      <marc:subfield code="a">eng</marc:subfield>
    </marc:datafield>
    <marc:datafield tag="041" ind1=" " ind2=" ">
      <marc:subfield code="a">fre</marc:subfield>
    </marc:datafield>
    <marc:datafield tag="043" ind1=" " ind2=" ">
      <marc:subfield code="a">n-cn---</marc:subfield>
    </marc:datafield>
    <marc:datafield tag="086" ind1="1" ind2=" ">
      <marc:subfield code="a">FR5-43/2009</marc:subfield>
    </marc:datafield>
    <marc:datafield tag="110" ind1="1" ind2=" ">
      <marc:subfield code="a">Canada. </marc:subfield>
      <marc:subfield code="b">Foreign Affairs and International Trade Canada.</marc:subfield>
    </marc:datafield>
    <marc:datafield tag="245" ind1="1" ind2="0">
      <marc:subfield code="a">Foreign Affairs and International Trade Canada : </marc:subfield>
      <marc:subfield code="b">a history in documents, 1909-2009 / </marc:subfield>
      <marc:subfield code="c">[By] Janice Cavell. </marc:subfield>
    </marc:datafield>
    <marc:datafield tag="260" ind1=" " ind2=" ">
      <marc:subfield code="a">Ottawa - Ontario : </marc:subfield>
      <marc:subfield code="b">Foreign Affairs and International Trade </marc:subfield>
      <marc:subfield code="c">c2009.</marc:subfield>
    </marc:datafield>
    <marc:datafield tag="300" ind1=" " ind2=" ">
      <marc:subfield code="a">xiii, 338p. : </marc:subfield>
      <marc:subfield code="b">photographs ; </marc:subfield>
      <marc:subfield code="c">24 cm.</marc:subfield>
    </marc:datafield>
    <marc:datafield tag="500" ind1=" " ind2=" ">
      <marc:subfield code="a">"It is now forty-two years since the first volume in the series Documents on Canadian external relations (DCER) was published. To date, twenty-seven volumes have been completed, covering the period from the founding of the Department of External Affairs in 1909 up to 1960... This book combines some of the most vividly written and interesting documents from the published volumes, other more personal and colourful items selected from the wealth of material held at Library and Archives Canada, more recent records taken both from archival holdings and from the files still retained by Foreign Affairs and International Trade Canada, and a few articles that first appeared in the magazine bout de papier."--Page Xi, Introduction.</marc:subfield>
    </marc:datafield>
    <marc:datafield tag="520" ind1="3" ind2=" ">
      <marc:subfield code="a">It is now forty-two years since the first volume in the series Documents on Canadian external relations (DCER) was published. To date, twenty-seven volumes have been completed, covering the period from the founding of the Department of External Affairs in 1909 up to 1960. They amply document the political issues that occupied Canada’s diplomats during those years, but inevitably, for reasons of space, many fascinating accounts showing the more human side of life in the department had to be excluded. This book combines some of the most vividly written and interesting documents from the published volumes, other more personal and colourful items selected from the wealth of material held at Library and Archives Canada, more recent records taken both from archival holdings and from the files still retained by Foreign Affairs and International Trade Canada, and a few articles that first appeared in the magazine bout de papier.</marc:subfield>
    </marc:datafield>
    <marc:datafield tag="563" ind1=" " ind2=" ">
      <marc:subfield code="a">Hardcover</marc:subfield>
    </marc:datafield>
    <marc:datafield tag="590" ind1=" " ind2=" ">
      <marc:subfield code="a">10-27</marc:subfield>
      <marc:subfield code="b">2010-07-09</marc:subfield>
    </marc:datafield>
    <marc:datafield tag="720" ind1="1" ind2=" ">
      <marc:subfield code="a">Cavell, Janice</marc:subfield>
    </marc:datafield>
    <marc:datafield tag="776" ind1="0" ind2="#">
      <marc:subfield code="t">Affaires étrangères et Commerce international Canada </marc:subfield>
      <marc:subfield code="w">(CaOODSP)9.676741</marc:subfield>
    </marc:datafield>
    <marc:datafield tag="792" ind1=" " ind2=" ">
      <marc:subfield code="t">Affaires étrangères et Commerce international Canada : </marc:subfield>
      <marc:subfield code="e">fre</marc:subfield>
      <marc:subfield code="w">(CaOODSP)9.671698</marc:subfield>
    </marc:datafield>
  </marc:record>
</marc:collection>
